000 00310nam a22001337a 4500
020 _a034079061x
082 _a150
100 _aRichard Gross
245 _aPsychology the science of mind and behaviour
250 _a4th ed.
260 _aDubai
_bHodder and Stoughton
_c2001.
300 _a838p
942 _cBK
999 _c2859
_d2859